| 000 | 00619cam a22002051 4500 | ||
|---|---|---|---|
| 001 | 3112624 | ||
| 005 | 20180104040338.0 | ||
| 008 | 730109s1962 nyuac b 000 0 eng | ||
| 010 | _a 62015426 | ||
| 040 |
_aDLC _cDLC _dDLC |
||
| 041 | _aeng | ||
| 080 | _a623.44075 | ||
| 082 | 0 | 0 | _a623.44075 PET |
| 100 | 1 | _a26 | |
| 101 | _aMEK | ||
| 245 | 1 | 4 |
_aThe treasury of the gun. _cTechnical consultation by Howard L. Blackmore, Claude Blair [and] William Reid. [Special photography by Arie de Zanger] |
| 504 | _aBibliography: p. [247]-[248] | ||
| 906 |
_a7 _bcbc _corignew _du _eocip _f19 _gy-gencatlg |
||
| 942 |
_2ddc _cBK |
||
| 999 |
_c39661 _d39661 |
||